| 000 | 01025nam a2200277 a 4500 | ||
|---|---|---|---|
| 001 | 000049156 | ||
| 003 | DO-SdBNP | ||
| 005 | 20250116073945.0 | ||
| 007 | ta | ||
| 008 | 240802s1995 dr ac r f001 0 spa d | ||
| 040 |
_aDO-SdBNP _bspa _cBNPHU _erda |
||
| 082 |
_a372.043 _bR426p, _222 |
||
| 110 | 1 |
_aRepública Dominicana. _bSecretaría de Estado de Educación, Bellas Artes y Cultos _923965 |
|
| 245 | 1 | 0 |
_aPlan Decenal de Educación en acción, transformación curricular en marcha : _bPropuesta de orientación educativa y spicológica |
| 264 |
_aSanto Domingo : _bSecretaría de Estado de Educación, Bellas Artes y Cultos, _c1995. |
||
| 300 |
_a35 paginas : _c28 cm. |
||
| 336 |
_2rdacontent _atexto _btxt |
||
| 337 |
_2rdamedia _asin mediación _bn |
||
| 338 |
_2rdacarrier _avolumen _bnc |
||
| 490 | 1 |
_aInnova 2000 _v8 |
|
| 590 | _aInventariado, 2024/DG | ||
| 650 | 4 |
_aPlanificación curricular _zRepública Dominicana _937482 |
|
| 650 | 4 |
_aEducación _zRepública Dominicana _9737 |
|
| 910 | _aDG | ||
| 942 |
_2ddc _cLF2 |
||
| 999 |
_c55857 _d55857 |
||